000 00484nam a2200181Ia 4500
001 1386
005 20260306143724.0
008 260306t2004||||xx |||||||||||||| ||spa||
041 _aESP
082 _a199.8
_bD67
100 _aDevés Valdés, Eduardo
_eAUT
245 0 _aEl pensamiento latinoamericano en el siglo XX:
_bentre la modernización y la identidad
260 _c2004
300 _a242 páginas :
_c23 cm.
650 _aGEN
654 _aCHU
942 _cLIB
_dJUS
_fJUS
_2ddc
_n
999 _c1386
_d1386